Name the f1 driver with the most wins for their country - Statistics

General Stats
  • This quiz has been taken 29 times
  • The average score is 13 of 21
Answer Stats
Country F1 driver % Correct
Germany Ralf Schumacher
89%
Netherlands Max Verstappen
86%
Australia Mark Webber
82%
Poland Robert Kubica
82%
Finland Valterri Bottas
79%
Monaco Charles Leclerc
75%
Colombia Juan Pablo Montoya
75%
Brazil Rubens Barrichello
71%
Mexico Sergio Perez
71%
Venezuela Pastor Maldonado
68%
Spain Carlos Sainz
64%
Austria Gerhard Berger
64%
Belgium Jacky Ickx
61%
Argentina Carlos Reutemann
57%
Sweden Ronnie Peterson
54%
New Zealand Bruce Mclaren
50%
Switzerland Clay Regazzoni
46%
France Rene Arnoux
46%
Italy Ricciardo Patrese
43%
UK Stirling Moss
43%
USA Dan Gurney
29%
No matching quizzes found
Score Distribution
Percent of People with Each Score
Percentile by Number Answered
Your Score History
You have not taken this quiz